LEADER 01133nam a2200277 u 4500 001 000000106781 003 CaOOAMICUS 005 20220210175622.0 008 070907s1999 it u000 u ita u 032 $aLibriCat 040 $aPUL$bita$dPG 100 1 $aPorteous, Norman W.$0(OLS)http://pul/name/24712 240 10$aDaniel : a commentary.$lItaliano.$0(OLS)http://pul/title/134432 245 10$aDaniele /$ctraduzione e commento di Norman W. Porteous ; traduzione italiana di Franco Ronchi. 260 $aBrescia :$bPaideia,$cc1999. 300 $a239 p. ;$c21 cm. 490 1 $aAntico Testamento ;$v23 630 04$aBiblia.$pV.T.$pDaniel$xCommenti.$0(OLS)http://pul/subject/7430 700 1 $aRonchi, Franco.$0(OLS)http://pul/name/25184 830 0$aAntico Testamento ;$v23.$0(OLS)http://pul/title/18620 850 $aPUL 852 $aPUL$W1$xSL Religione 1$y3$m1(6) H 23$j120827$qStampati$q $B120010$CPULBib$Z2$F120010 $H80000 $81 941 1 $a8 996 $6245$aDaniele$9(OLS)http://pul/title/43033 996 $6260$aBrescia :$bPaideia$9(OLS)http://pul/publisher/47884 LEADER 02245nam a2200457 u 4500 001 000000156805 003 CaOOAMICUS 005 20210309102335.0 008 161128s2001 it u000 u ita u 020 $z978-88-420-6558-6(v.1)* 020 $z88-420-6559-5 (v. 2)* 020 $z978-88-420-6560-9(v.3)* 020 $z978-88-420-6561-6(v.4)* 032 $aLibriCat 035 $a10778987 040 $aEFR$bita$dBSR$dPUL(R) 245 00$aStoria del cristianesimo /$ca cura di Giovanni Filoramo e Daniele Menozzi. 260 $aRoma ;$aBari :$bLaterza,$c1997. 300 $a4 v. ;$c21 cm 490 1 $aStoria e società 504 $aContains bibliographical references and index. 505 0 $av. 1. L'antichità / Giovanni Filoramo, Edmondo Lupieri, Salvatore Pricoco -- v. 2. Il medioevo / Mario Gallina, Grado G. Merlo, Giovanni Tabacco -- v. 3. L'età moderna / Cesare Alzati ... [et al.] -- v. 4. L'età contemporanea / Giovanni Cereti ... [et al.]. 650 0$aChristianity.$2//eng$0(OLS)http://pul/subject/17457 650 0$aChurch history.$0(OLS)http://pul/subject/5223 700 1 $aFiloramo, Giovanni,$d1945-$0(OLS)http://pul/name/6760 700 1 $aMenozzi, Daniele,$d1947-$0(OLS)http://pul/name/18691 700 1 $aLupieri, Edmondo.$0(OLS)http://pul/name/10710 700 1 $aPricoco, Salvatore.$0(OLS)http://pul/name/5276 700 1 $aCereti, Giovanni.$0(OLS)http://pul/name/2567 700 1 $aMerlo, Grado Giovanni,$d1945-$0(OLS)http://pul/name/16717 700 1 $aTabacco, Giovanni,$d1914-2002.$0(OLS)http://pul/name/5799 700 1 $aAlzati, Cesare.$0(OLS)http://pul/name/26529 700 1 $aGallina, Mario,$d1947-$0(OLS)http://pul/name/26528 830 0$aStoria e società (Laterza).$0(OLS)http://pul/title/761 996 $6020$z978-88-420-6558-6(v.1)*$9(OLS)http://pul/number/161532 996 $6020$z88-420-6559-5 (v. 2)*$9(OLS)http://pul/number/161533 996 $6020$z978-88-420-6560-9(v.3)*$9(OLS)http://pul/number/161534 996 $6020$z978-88-420-6561-6(v.4)*$9(OLS)http://pul/number/161535 996 $6245$aStoria del cristianesimo$9(OLS)http://pul/title/47418 996 $6260$aRoma ;$aBari :$bLaterza$9(OLS)http://pul/publisher/57682